| 000 | 00548nam a22001577a 4500 | ||
|---|---|---|---|
| 008 | 090607t xxu||||| |||| 00| 0 eng d | ||
| 020 | _a9781402082931 (HB) | ||
| 020 | _a971402082948 (PB) | ||
| 082 |
_222 _a621.312429 _bMIN |
||
| 245 |
_aMini-Micro Fuel Cells: _bFundamentals and Applications/ _cedited by . Kakac, A. Pramuanjaroenkij & L. Vasiliev |
||
| 260 |
_aThe Netherlands: _bSpringer, _c2008 |
||
| 300 |
_a422p.: _bill.; _c22 cm. |
||
| 440 |
_95861 _aNATO Science for Peace and Security series |
||
| 650 |
_92638 _aFuel cells |
||
| 942 |
_2ddc _cBB |
||
| 999 |
_c11752 _d11752 |
||